Countries Bordering Turkey With a Map - Statistics

General Stats
  • This quiz has been taken 280 times
  • The average score is 8 of 8
Answers on the Map
Answers color-coded by a green-red scale on the quiz's map according to % correct below.
 
Answer Stats
Answer % Correct
Greece
96%
Iran
96%
Iraq
96%
Syria
95%
Bulgaria
94%
Georgia
94%
Armenia
93%
Azerbaijan
86%
No matching quizzes found
Score Distribution
Percent of People with Each Score
Percentile by Number Answered
Your Score History
You have not taken this quiz